<?xml version="1.0" encoding="UTF-8"?>
<record
    xmlns:xsi="http://www.w3.org/2001/XMLSchema-instance"
    xsi:schemaLocation="http://www.loc.gov/MARC21/slim http://www.loc.gov/standards/marcxml/schema/MARC21slim.xsd"
    xmlns="http://www.loc.gov/MARC21/slim">

  <leader>00948nam a22002177a 4500</leader>
  <controlfield tag="001">2162214035923961</controlfield>
  <controlfield tag="003">UA-OsUOA</controlfield>
  <controlfield tag="005">20230816153937.0</controlfield>
  <controlfield tag="008">230804b        un ||||| |||| 00| 0 ukr d</controlfield>
  <datafield tag="040" ind1=" " ind2=" ">
    <subfield code="a">UA-OsUOA</subfield>
    <subfield code="b">ukr</subfield>
    <subfield code="c">UA-OsUOA</subfield>
    <subfield code="d">UA-OsUOA</subfield>
  </datafield>
  <datafield tag="041" ind1=" " ind2=" ">
    <subfield code="a">ukr</subfield>
  </datafield>
  <datafield tag="082" ind1=" " ind2=" ">
    <subfield code="2">395</subfield>
  </datafield>
  <datafield tag="090" ind1=" " ind2=" ">
    <subfield code="a">395</subfield>
    <subfield code="b">&#x412;88</subfield>
  </datafield>
  <datafield tag="100" ind1=" " ind2=" ">
    <subfield code="a">&#x412;&#x443;&#x434;-&#x415;&#x43B;&#x435;&#x439;&#x43D; &#x41C;.</subfield>
  </datafield>
  <datafield tag="245" ind1=" " ind2=" ">
    <subfield code="a">&#x429;&#x43E; &#x43C;&#x43E;&#x43B;&#x43E;&#x434;&#x430; &#x434;&#x456;&#x432;&#x447;&#x438;&#x43D;&#x430; &#x43F;&#x43E;&#x432;&#x438;&#x43D;&#x43D;&#x430; &#x437;&#x43D;&#x430;&#x442;&#x438;: &#x43D;&#x430;&#x43F;&#x438;&#x441;&#x430;&#x43D;&#x43E; &#x437; &#x43C;&#x430;&#x442;&#x435;&#x440;&#x43D;&#x44C;&#x43E;&#x44E; &#x43B;&#x44E;&#x431;&#x43E;&#x432;&#x44E; &#x456; &#x43B;&#x456;&#x43A;&#x430;&#x440;&#x441;&#x44C;&#x43A;&#x438;&#x43C; &#x437;&#x43D;&#x430;&#x43D;&#x43D;&#x44F;&#x43C;</subfield>
    <subfield code="c">&#x41C;. &#x412;&#x443;&#x434;-&#x415;&#x43B;&#x435;&#x439;&#x43D;</subfield>
  </datafield>
  <datafield tag="300" ind1=" " ind2=" ">
    <subfield code="a">92 &#x441;.</subfield>
  </datafield>
  <datafield tag="650" ind1=" " ind2=" ">
    <subfield code="2">UDC</subfield>
    <subfield code="a">395 &#x426;&#x435;&#x440;&#x435;&#x43C;&#x43E;&#x43D;&#x456;&#x430;&#x43B;. &#x415;&#x442;&#x438;&#x43A;&#x435;&#x442;. &#x41F;&#x440;&#x430;&#x432;&#x438;&#x43B;&#x430; &#x43F;&#x43E;&#x432;&#x435;&#x434;&#x456;&#x43D;&#x43A;&#x438;.&#x421;&#x43E;&#x446;&#x456;&#x430;&#x43B;&#x44C;&#x43D;&#x456; &#x441;&#x445;&#x43E;&#x434;&#x438;&#x43D;&#x43A;&#x438;. &#x417;&#x432;&#x430;&#x43D;&#x43D;&#x44F;. &#x422;&#x438;&#x442;&#x443;&#x43B;&#x438;</subfield>
  </datafield>
  <datafield tag="856" ind1="4" ind2="0">
    <subfield code="u">https://diasporiana.org.ua/wp-content/uploads/books/9636/file.pdf</subfield>
  </datafield>
  <datafield tag="942" ind1=" " ind2=" ">
    <subfield code="2">udc</subfield>
    <subfield code="c">BR</subfield>
  </datafield>
  <datafield tag="999" ind1=" " ind2=" ">
    <subfield code="c">574841</subfield>
    <subfield code="d">574841</subfield>
  </datafield>
  <datafield tag="952" ind1=" " ind2=" ">
    <subfield code="0">0</subfield>
    <subfield code="1">0</subfield>
    <subfield code="2">udc</subfield>
    <subfield code="4">0</subfield>
    <subfield code="7">0</subfield>
    <subfield code="8">C_SOKOLYK_BRYZHUN</subfield>
    <subfield code="a">300</subfield>
    <subfield code="b">300</subfield>
    <subfield code="d">2023-08-04</subfield>
    <subfield code="e">&#x410;&#x43A;&#x442; &#x43D;&#x430;&#x434;&#x445;&#x43E;&#x434;&#x436;&#x435;&#x43D;&#x44C; &#x2116;4/02.08.2023 (&#x432;&#x456;&#x434; &#x421;&#x43E;&#x43A;&#x43E;&#x43B;&#x438;&#x43A;&#x456;&#x432;)</subfield>
    <subfield code="i">2140539</subfield>
    <subfield code="l">0</subfield>
    <subfield code="o">395 &#x412;-88</subfield>
    <subfield code="p">2140539</subfield>
    <subfield code="r">2023-08-04 00:00:00</subfield>
    <subfield code="w">2023-08-04</subfield>
    <subfield code="y">BR</subfield>
  </datafield>
</record>
